Normal view
MARC view
- Amna Tehreem
Entry Personal Name
001 - CONTROL NUMBER
- control field: 70145
003 - CONTROL NUMBER IDENTIFIER
- control field: NUST
005 - DATE AND TIME OF LATEST TRANSACTION
- control field: 20210628204402.0
008 - FIXED-LENGTH DATA ELEMENTS
- fixed length control field: 210628|| aca||aabn | a|a d
040 ## - CATALOGING SOURCE
- Original cataloging agency: NUST
- Transcribing agency: NUST
100 ## - HEADING--PERSONAL NAME
- Personal name: Amna Tehreem
670 ## - SOURCE DATA FOUND
- Source citation: Work cat.: (NUST): Amna Tehreem, TH-SOF-1281-PARALLEL ARCHITECTURES FOR DATA MINING AND MACHINE LEARNING ALGORITHMS, 2016
